| 000 | 02515cam a22005534i 4500 | ||
|---|---|---|---|
| 003 | PE-LiUPU | ||
| 005 | 20250731180107.0 | ||
| 008 | 150525s2007 ag a rb 000 0 spa d | ||
| 020 | _a9786071510662 | ||
| 035 | _a(Sirsi) i9786071510662 | ||
| 040 |
_aPE-LiUPU _bspa _cPE-LiUPU _erda |
||
| 049 | _aPRUA | ||
| 082 | 0 | 4 |
_a577 _bE79 |
| 100 | 1 |
_aEscobar Muñoz, Alicia, _eautor. |
|
| 245 | 1 | 0 |
_aEcología y medio ambiente / _cAlicia Escobar Muñoz, Q.F.B. Alicia Flores Escobar. |
| 250 | _aSegunda edición. | ||
| 264 | 1 |
_aMexico : _bMcgraw-Hill, _c[2014]. |
|
| 300 |
_axi-185 páginas : _bilustraciones ; _c27 centímetros |
||
| 336 |
_atext _2rdacontent |
||
| 337 |
_aunmediated _2rdamedia |
||
| 338 |
_avolume _2rdacarrier |
||
| 504 | _aBibliografía : página 185. | ||
| 505 | 0 | _aNiveles básicos de ecología -- El concepto de ecología y educación ambiental -- Factores ambientales -- Las características de la población -- Características de una comunidad -- Dinámica de los ecosistemas que integran la biosfera -- Ecosistema -- Área protegida -- Importancia de la litosfera, hidrosfera y atmósfera para el desarrollo de la vida en el planeta -- Flujo de materia y energía -- (ciclos biogeoquímicos) -- Flujo de energía (cadena trófica) -- Biósfera -- El impacto ambiental, desarrollo sustentable y alternativas de solución -- Impacto ambiental -- Consecuencias del impacto ambiental -- Problemas ambientales -- Recursos naturales -- Desarrollo sostenible -- Legislación ambiental -- Bibliografía. | |
| 526 | _aSEG44 | ||
| 526 | _aSEG26 | ||
| 526 | _aP159 | ||
| 526 | _aP155 | ||
| 526 | _aP154 | ||
| 526 | _aP153 | ||
| 526 | _aP150 | ||
| 526 | _aP100 | ||
| 526 | _aP31 | ||
| 526 | _aP30 | ||
| 526 | _aP26 | ||
| 526 | _aP25 | ||
| 526 | _aP24 | ||
| 526 | _aP22 | ||
| 526 | _aP15 | ||
| 526 | _aP10 | ||
| 541 | _g043-0014406; | ||
| 650 | 1 | 4 |
_aEcología. _92193 |
| 700 | 1 |
_aFlores Escobar, Q.F.B. Alicia, _eautor. |
|
| 910 |
_ardg _bjck _crdg _d20150525 |
||
| 942 |
_2ddc _cBOOK |
||
| 949 |
_a577 E79 _wDEWEY _c1 _i71288 _d2016-10-10 _e2016-10-7 _lCCODEBUL1 _mBUL _n2 _p35.71 _r0 _sY _tBOOK _u2015-5-25 _xINGENIERIA _PP24 _0COMPRA _o.STAFF. Colección General |
||
| 994 |
_aC0 _bPEPRU |
||
| 596 | _a1 | ||
| 999 |
_a577 E79 _wDEWEY _c20071 _i71288 _d20071 _e2017-8-16 _f2021-11-9 _g7 _lCCODEBUL1 _mBUL _n3 _p35.71 _q1 _r0 _sY _tBOOK _u2015-5-25 _xINGENIERIA _PP24 _0COMPRA _o.STAFF. Colección General |
||
| 980 |
_81 _gALBERTO SANCHEZ Responsable de Automatización |
||